| 000 | 01126pab a2200181 454500 | ||
|---|---|---|---|
| 008 | 180718b2008 xxu||||| |||| 00| 0 eng d | ||
| 100 | _aJayalakshmi, K. | ||
| 245 | _aDecentralised governance in Uttarakhand: Operational issues and suggestive framework | ||
| 260 | _c2008 | ||
| 300 | _ap.315-340. | ||
| 362 | _aApr-Jun | ||
| 520 | _aUttarakhand has a rich tradition of equitable distribution of livelihood needs and speedy dispensation of justice through its conventional institutions at grassroots. The article examines the existing position of panchayats in terms of their structure, devolution of functions, functionaries and funds with the proposed activity and schematic mapping at all levels and resource sharing management of key resources like water and forest. It tries to understand and evaluate the role of gram sabha, with a special emphasis on organic linkage and space sharing with Nyaya panchayats and Van panchayats. - Reproduced. | ||
| 650 | _aDecentralization - India - Uttarakhand | ||
| 650 | _aDecentralization | ||
| 773 | _aIndian Journal of Public Administration | ||
| 908 | _aN | ||
| 909 | _a79507 | ||
| 999 |
_c79507 _d79507 |
||